Mountain Dew Variations Quiz Stats

Quiz not verified by Sporcle

Also try: Match the Cookies
Challenge
Share
Tweet
Embed
Score 0/13 Timer 03:00
0 Plays Today
Year Started % Correct
2001Mountain Dew Code Red
92.4%
1964Mountain Dew
85.5%
2003Mountain Dew LiveWire
68.4%
1984Diet Mountain Dew
56.4%
2009Mountain Dew Voltage
54.5%
2004Mountain Dew Baja Blast
38.2%
1976Caffeine Free Mountain Dew
17.5%
2002Diet Mountain Dew Code Red
15.6%
1984Caffeine Free Diet Mountain Dew
5.5%
2009Mountain Dew Ultraviolet
5.5%
2009Mountain Dew Game Fuel Alliance Blue
2.5%
2009Mountain Dew Game Fuel Horde Red
1.8%
2008Mountain Dew Cherry Rush
0.7%

You're not logged in!

Compare scores with friends on all Sporcle quizzes.
Sign Up with Email
OR
Log In

You Might Also Like...

Show Comments

Extras

Top Quizzes Today


Score Distribution

Your Account Isn't Verified!

In order to create a playlist on Sporcle, you need to verify the email address you used during registration. Go to your Sporcle Settings to finish the process.